[Event "RUS-Cup3"]
[Site "Omsk"]
[Date "1996.??.??"]
[Round "8"]
[White "Volkov, Sergey"]
[Black "Aronian, Levon"]
[Result "1-0"]
[WhiteElo "2485"]
[BlackElo "2390"]
[Annotator "Ftacnik,L"]
[PlyCount "85"]
[EventDate "1996.12.13"]
[EventType "swiss"]
[EventRounds "9"]
[EventCountry "RUS"]
[SourceTitle "CBM 057"]
[Source "ChessBase"]
[SourceDate "1997.04.01"]
[SourceVersion "1"]
[SourceVersionDate "1997.04.01"]
[SourceQuality "1"]

1. d4 Nf6 2. c4 g6 3. Nc3 d5 4. Nf3 Bg7 5. Bg5 Ne4 6. cxd5 Nxg5 7. Nxg5 e6 8.
Qd2 exd5 9. Qe3+ Kf8 10. Qf4 Bf6 11. Nf3 (11. h4) 11... Kg7 12. e3 (12. O-O-O
Be6 13. e4 c6 14. h4 h6 15. Bd3 Na6 16. e5 Be7 17. h5 g5 18. Qg3 Nb4 19. Bb1
Kf8 20. Nh2 Qc8 21. a3 Na6 22. Bc2 b5 23. Ne2 b4 {0-1 Chiaudano,A-Neven,K/
Philadelphia World op (06)/1991 (41)}) 12... Be6 13. Bd3 Nd7 14. Rc1 (14. O-O-O
c5 $132) 14... c6 15. O-O Qb8 $1 16. Qxb8 (16. Qg3 Qxg3 17. hxg3 Rhe8 $10)
16... Rhxb8 17. b4 a6 (17... a5 18. b5 c5 19. dxc5 Nxc5 20. Be2 Rc8 21. Nd4 $14
) 18. Nd2 Be7 19. Rb1 a5 20. bxa5 (20. b5 c5 21. dxc5 Nxc5 22. Be2 Bf6 23. Rbc1
Rc8 24. Rfd1 d4 25. exd4 Bxd4 $15) 20... Rxa5 21. a4 Ra7 (21... c5 $5 22. Bb5
cxd4 23. exd4 Nf6 24. Rfc1 Rc8 $10) 22. Rb2 Rc8 $5 23. Rfb1 c5 24. Rxb7 (24.
dxc5 $2 Bf6 25. Nb5 Rxa4 26. Nd6 Bxb2 27. Nxc8 Nxc5 $17) 24... Rxb7 25. Rxb7
cxd4 26. Nxd5 {Black needs a good tactical line to benefit from his bishops
pair. Schwarz bräuchte eine Variante, in der er sein Läuferpaar zur Geltung
bringen kann.} Nc5 $2 (26... Rc1+ $1 27. Bf1 Bxd5 28. Rxd7 dxe3 29. fxe3 Bc5 $1
30. Kf2 (30. Rxd5 Bxe3+ 31. Kh1 Bxd2 32. g3 Rxf1+ 33. Kg2 Rd1 34. Kf3 f5 35.
Ke2 Ra1 36. Rxd2 Rxa4 37. Kf3 $15) 30... Bc6 31. Rc7 Bxa4 32. Bc4 Rc2 $10) 27.
Nxe7 dxe3 28. fxe3 (28. Nxc8 exd2 29. Rb1 Nxd3 30. Rd1 Bxc8 31. Rxd2 Ba6 $13)
28... Ra8 (28... Nxb7 29. Nxc8 Bxc8 30. Ba6 $18) 29. Rb5 Nxd3 30. a5 Ra7 (30...
Bd7 $2 31. Rd5) 31. Nd5 Bd7 (31... h5 32. Nf4 Bd7 33. Rd5 Nxf4 34. exf4 $16)
32. Rb3 Nc5 33. Ra3 Nb7 (33... Ra6 34. Nb4 Ra7 35. Nf3 $16) 34. Nc4 Be6 (34...
Bb5 35. Ndb6 Kf6 36. Kf2 Ke6 37. e4 f6 38. Ke3 $16) 35. Ndb6 Kf6 (35... f5 36.
Kf2 Kf6 37. Ke2 Ke7 38. Kd3 Kd8 39. Kd4 $16) 36. Kf2 Ke7 37. e4 Kd8 38. Ke3 Kc7
39. Nd5+ (39. Kd4 Bxc4 (39... Nxa5 $2 40. Nd5+ Bxd5 41. exd5 Nc6+ 42. dxc6 $18)
40. Nxc4 Nd8 41. Kd5 $16) 39... Kc6 40. Kd4 f5 (40... Bxd5 41. exd5+ Kc7 (41...
Kb5 $2 42. Rb3+ Ka4 43. Kc3 $1 Nxa5 44. Rb4#) 42. a6 $18) 41. Nc3 $2 $138 (41.
Rb3 $1 Bxd5 (41... Nxa5 42. Ne5+ Kd6 43. Rb6+ Nc6+ 44. Rxc6#) 42. exd5+ Kc7 43.
Rb5 $18) 41... fxe4 $2 (41... Bxc4 42. Kxc4 Rxa5 $10) 42. Ne5+ Kd6 43. Nb5+ 1-0

[Event "YUG-chT"]
[Site "Tivat"]
[Date "1995.??.??"]
[Round "2"]
[White "Zvjaginsev, Vadim"]
[Black "Svidler, Peter"]
[Result "1/2-1/2"]
[WhiteElo "2600"]
[BlackElo "2635"]
[Annotator "Gagarin,V"]
[PlyCount "43"]
[EventDate "1995.??.??"]
[EventType "team-swiss"]
[EventRounds "11"]
[EventCountry "YUG"]
[SourceTitle "CBM 048 Extra"]
[Source "ChessBase"]
[SourceDate "1995.11.01"]
[SourceVersion "1"]
[SourceVersionDate "1995.11.01"]
[SourceQuality "1"]

1. d4 Nf6 2. c4 g6 3. Nc3 d5 4. Bg5 Bg7 5. Nf3 c5 $5 (5... Ne4) (5... c6) (5...
dxc4) 6. Bxf6 Bxf6 7. cxd5 (7. Nxd5 Bg7 8. e3 Nc6 9. Be2 e6 10. Nc3 cxd4 11.
exd4 Nxd4 $10) 7... Qb6 8. e3 $146 (8. e4 cxd4 9. Nb5 Bg4 10. Rc1 Na6 11. Nbxd4
Bxf3 12. Nxf3 Bxb2 13. Rc2 Qb4+ 14. Nd2 Bc3 15. Bxa6 bxa6 16. O-O O-O $13 {
Burgess,G-Skjelde,A/Gausdal/1990/0:1/36/}) (8. Qb3 $5 Qxb3 (8... cxd4 9. Qxb6
axb6 10. Nb5 Ra5 $5 11. Nfxd4 Bxd4 12. Nxd4 Rxd5 13. e3 $14) 9. axb3 Na6 $44 (
9... cxd4 $6 10. Nb5 $16)) 8... Qxb2 9. Qc1 Qxc1+ 10. Rxc1 cxd4 11. Nb5 (11.
Bb5+ $6 Kd8 $1 (11... Bd7 $6 12. Ne4 $1 O-O (12... Bxb5 13. Nxf6+ Kd8 14. Nxd4
$14) 13. Nxf6+ exf6 14. Nxd4 $14) 12. Nxd4 Bxd4 13. exd4 a6 14. Bd3 Nd7 $15)
11... Na6 12. Nbxd4 b6 $6 (12... Nb4 $5 13. Bb5+ (13. Bc4 Bg4 14. a3 Bxf3 15.
gxf3 Bxd4 16. exd4 $5 (16. axb4 Bb6 $10) 16... Na6 17. Bxa6 bxa6 $13) 13... Kf8
$1 $13 (13... Bd7 $6 14. Bxd7+ Kxd7 15. Rb1 Nxd5 (15... Nxa2 16. Kd2 $1 a5 17.
Rxb7+ $36) 16. Rxb7+ $36)) 13. Bb5+ Kf8 14. e4 Bxd4 (14... Bg7 $6 15. Nb3 $1 {
/\ Rc8/} Bb7 16. O-O $16 {>< Na6/}) 15. Nxd4 Nc5 16. f3 e6 (16... a6 $6 17. Bc6
Nd3+ 18. Kd2 Nxc1 19. Bxa8 Nxa2 20. Rb1 $16) 17. Bc4 (17. O-O $5 exd5 18. Bc6
Bb7 19. exd5 Rd8 20. Nb3 $1 Bxc6 21. dxc6 $36) 17... exd5 18. Bxd5 Rb8 19. O-O
(19. Nc6 Rb7 20. O-O Rc7 21. Nd4 Ba6 $10) 19... Bb7 20. Nb3 Bxd5 21. Nxc5 (21.
exd5 Rc8 22. Rfe1 Kg7 23. Rcd1 Rhd8 24. Re7 Rd7 $10) 21... bxc5 22. exd5 (22.
exd5 Rc8 23. Rfe1 Kg7 24. Rc4 Rhd8 25. Rd1 Rd6 26. Kf2 Kf6 $10) 1/2-1/2

[Event "ISR-chT"]
[Site "Ramat Aviv"]
[Date "2000.04.28"]
[Round "9.3"]
[White "Peker, Oleg"]
[Black "Golod, Vitali"]
[Result "0-1"]
[WhiteElo "2385"]
[BlackElo "2566"]
[Annotator "Golod,V"]
[PlyCount "148"]
[EventDate "2000.01.14"]
[EventType "team"]
[EventRounds "11"]
[EventCountry "ISR"]
[SourceTitle "CBM 077"]
[Source "ChessBase"]
[SourceDate "2000.07.27"]
[SourceVersion "1"]
[SourceVersionDate "2000.07.27"]
[SourceQuality "1"]
[WhiteTeam "Petah Tikva Hapoel"]
[BlackTeam "Beer Sheva"]
[WhiteTeamCountry "ISR"]
[BlackTeamCountry "ISR"]

1. d4 Nf6 2. c4 g6 3. Nc3 d5 4. Bg5 Bg7 $5 (4... Ne4 $5 {It's main line.}) 5.
Bxf6 (5. Nf3 {transfer to 4.Nf3 Bg7 5.Bg5}) 5... Bxf6 6. cxd5 ({Dubious:} 6.
Nxd5 {in view of:} Bg7 7. e3 c5 {/\Nc6 and e6(קd4).}) 6... c6 7. e3 {[%mdl 4]
Unassuming move which is not giving special advantage.} ({It deserves
attention:} 7. e4 $5 Qb6 {[%csl Rb2,Rd4]} (7... cxd5 8. Nxd5 Bg7 9. Bb5+ Bd7 (
9... Nc6 $5 10. Ne2 O-O 11. Bxc6 bxc6 12. Ndc3 Rb8 $44 {Gretarsson,
H-Littlewood,J/Birmingham,2000 (1-0)(24)}) 10. Rc1 $1 Bxb5 11. Nc7+ Kf8 12.
Nxb5 a6 13. Nc7 $1 Ra7 14. Nf3 $14 {Gretarsson,H-Olafsson,H/Gentofte,1999 (1-0)
(26)}) 8. e5 $5 (8. Nge2 Qxb2 9. Rb1 Qa3 10. Qd2 O-O 11. g3 Rd8 12. Bg2 {
+/=/= Gretarsson,H-Kalod,R/Pardubice,1999 (1/2-1/2)(23)}) 8... Qxb2 9. Nge2 Bg7
10. Rb1 Qa3 11. Qd2 O-O 12. g3 f6 13. exf6 Bxf6 14. Bg2 $14 {Chernyshov,K-Oral,
T/Pardubice,1999(1-0) (56)}) ({After:} 7. dxc6 Bxd4 8. cxb7 Bxb7 {black has a
strong initiative behind the pawn.} 9. Qb3 {See comments to Korniushin,
N-Yandemirov,V/Novgorod,1997/ CBM 60 (0-1)(Hecht,H)(30)} (9. e3 {See comments
to Popov,V-Svidler,P/St.Petersburg,1993/CBM 37(1-0)(Svidler,P)(40)})) 7... cxd5
8. Nf3 ({More logically:} 8. Bb5+ Kf8 (8... Bd7 $4 9. Bxd7+ Qxd7 $140 10. Qf3 {
[%csl Rd5][%cal Gf3f6,Gf3d5]} O-O 11. Qxd5 Rd8 12. Qxd7 Nxd7 13. f4 $16 {
Groszpeter,A-Adorjan,A/HUN,1992(1-0)(51)}) (8... Nc6 $5) 9. Nge2 Kg7 10. Nf4 e6
11. O-O Qd6 $5 (11... a6 $143 12. Be2 Qd6 13. Nd3 Nd7 14. Qb3 b6 15. f4 Bb7 16.
Ne5 {+/=/= Goldin,A-Svidler,P/St.Petersburg,1994 (1/2-1/2)(47)}) 12. Rc1 a6 13.
Be2 Nc6 14. Nd3 Na5 15. Na4 b6 $11 {Karasev,V-Svidler,P/St.Petersburg,1995 
(0-1)(32)}) ({Also possibly:} 8. Qb3 e6 9. Nf3 O-O 10. h4 h5 11. Bd3 Nd7 12.
Qc2 Kg7 $11 {Ragnarsson,J-Moeller,B/Gardabaer,1995 (1-0)(42)}) 8... O-O $11 9.
Be2 ({Was checked in the previous game:} 9. Qb3 e6 10. Be2 Nc6 11. O-O Bd7 $5 (
11... a6 $143 12. Rfc1 Qd6 13. Rd1 Bd8 14. Rac1 {+/=/= El Kher,H-Rej,D/
Copenhagen,1997 (1/2-1/2)(44)}) 12. Rfd1 Bg7 13. Rac1 Rb8 14. Na4 b6 15. Nc3 b5
16. Rd2 Na5 17. Qd1 Nc4 18. Rdc2 Qb6 $11 {Sanguineti,R-Flores Alvarez,R/
Santiago, 1959(1/2-1/2)(29)}) 9... Nc6 $146 ({Also good enough:} 9... b6 10.
O-O e6 11. Rc1 Bb7 12. Qa4 Nc6 13. Ba6 Bxa6 14. Qxa6 Qd7 15. a3 Rac8 $11 {
Zvjaginsev,V-Leko,P/Wijk aan Zee,1995 (1/2-1/2)(31)}) 10. O-O e6 11. Qd2 Bd7
12. Rfd1 Rc8 13. Rac1 Qe7 14. Bf1 $5 {White's plan is:Ne2-f4-d3(><c5,e5)} (14.
a3 $5 {/\b4}) 14... Rfd8 15. Ne2 Be8 16. Nf4 Bg7 17. Nd3 Bf8 {[%csl Ge7,Gf8]
In my opinion this move better,than:} (17... f6 {/\e5~~}) 18. Rc2 (18. a3 $5 {
[%cal Ya3b4]}) 18... Nb4 {I want to exchange the "clumsy" my knight.} 19. Nxb4
Qxb4 20. Qxb4 Bxb4 21. Rdc1 Rxc2 22. Rxc2 f6 {[%csl Re5,Yf6][%cal Yf6e5]} 23.
g4 $5 ({Impossibly:} 23. Rc7 $4 {because of:} Bc6 {[%csl Rc7][%cal Gb4d6]})
23... h6 24. h4 g5 25. Bd3 ({Probably,a little worse is:} 25. Rc7 Bc6 26. Bd3
Bd6 27. Rh7 Bb5 $1 28. Bg6 $140 Rc8 {[%csl Rg1][%cal Gc8c1]} 29. Kg2 Rc7 30.
Rxc7 (30. Rxh6 $4 Kg7 31. hxg5 fxg5 $19 {[%csl Rg6,Rh6]}) 30... Bxc7 {=/=/+})
25... Bd6 26. Kg2 Bd7 ({Senselessly:} 26... h5 {in view of:} 27. Kh3 $1 (27.
hxg5 $6 hxg4 28. Nh2 f5 {=/=/+}) 27... hxg4+ (27... f5 28. Nxg5 hxg4+ 29. Kg2
Bd7 30. f3 $11) 28. Kxg4 gxh4 29. Nxh4 $11) 27. hxg5 hxg5 28. Rc1 Kg7 29. Rh1
Rh8 30. Rxh8 Kxh8 {[%mdl 4096] =/=/+} 31. Nd2 Kg7 32. f3 Kf7 33. Kf2 a5 34. Ke2
({More safely:} 34. a3 a4 ({Badly:} 34... b5 {because of:} 35. Nb3 b4 $11 (
35... a4 $2 36. Nc5 $14 {[%csl Rb5]})) 35. Nb1 b5 36. Nc3 b4 37. axb4 Bxb4 38.
Bb5 Bxb5 (38... Bxc3 39. Bxd7 Bxb2 40. Bxa4 $11) 39. Nxb5 Ke7 40. Ke2 Kd7 41.
Kd3 Kc6 42. Na3 $11) 34... a4 35. e4 (35. a3 $5) 35... a3 36. bxa3 $6 ({
Can be recommended:} 36. b3 $5) 36... Bxa3 37. exd5 $6 (37. Nb3 $142) 37...
exd5 $15 38. Nb3 Ke7 39. Ke3 Kd6 40. Ke2 Kc7 {I don't want to play right away
b6.} 41. Kd2 Bb4+ 42. Ke3 Kb6 43. Ke2 Be8 ({Now and to next moves
ineffectively:} 43... Bb5 {because of:} 44. Bxb5 Kxb5 45. Kd3 Ka4 46. Na1 $1 {
[%csl Rb4][%cal Ga1c2]} Kb5 (46... Ka3 $140 $4 47. Nc2+ Ka4 48. Ne3 {[%csl Rd5]
}) (46... Bd6 $143 47. Nc2 Bf4 48. a3 $14 {[%csl Rd5]}) 47. Nc2 Bd6 $11) 44.
Ke3 Bd6 45. Kd2 Bb4+ 46. Ke3 Ba4 47. Ke2 Kc6 48. Ke3 b6 {(nevertheless!)} 49.
Bg6 Kd6 50. Bd3 Bc3 51. Kf2 Kc6 52. Ke3 Bb5 $1 53. Bg6 ({Leads to very bad
position:} 53. Bxb5+ $2 Kxb5 54. Kd3 Kb4 {[%csl Ra1,Yc3][%cal Yc3a1]} 55. Nc1
Be1 56. Ke2 (56. Nb3 $143 Ka3 57. Na1 Kxa2 58. Nc2 Ba5 59. Ne3 b5 60. Nxd5 b4 {
[%csl Gb4][%cal Gb4b3]} 61. Nxb4+ Bxb4 62. Kc4 Ka3 $19) 56... Bg3 57. Kd3 Ka3
$17 {[%csl Ra2,Yc1][%cal Ga3b2]}) 53... Bc4 {[%cal Gc6b5,Gb5b4]} 54. Be8+ $8
Kd6 55. Bf7 $6 ({Considerably better is:} 55. Kf2 $1 {[%csl Re1,Yf2][%cal
Yf2e1]}) 55... Be1 $1 {[%cal Ge1g3,Gg3f4]} 56. Bg6 Bg3 57. Bf7 ({Dubious:} 57.
Kd2 Bf4+ $140 58. Kc3 $2 {because of:} Be2 59. Nd2 Bxd2+ 60. Kxd2 Bxf3 61. Bf5
Ke7 $17) 57... Bf4+ 58. Kf2 Kc6 $15 59. Be8+ Kb7 60. Bd7 $2 ({It is necessary:
} 60. Bg6 {[%csl Yg6][%cal Yg6b1,Yg6e8] /^b1-g6;/^a4-e8(><b5;c6;d3)}) 60... Bd3
$2 (60... Kc7 $1 {with overload the white's bishop.}) 61. Bf5 $1 {[]} Bc4 {
[%cal Gb7c6,Gc6b5,Gb5b4,Gb4a3]} (61... Bxf5 $2 62. gxf5 Kc6 63. a4 $11) 62. Bd7
$2 {Again same mistake!} (62. Bg6 $15 {[%csl Yg6][%cal Yg6b1,Yg6e8]}) 62... Kc7
$1 {Eventually!!} 63. Be8 (63. Bf5 $143 Kc6 {[%csl Ra2][%cal Gc6b5,Gb5b4,Gb4a3]
}) 63... Bd3 $17 {[%csl Ra2][%cal Gd3b1]} 64. Bf7 Kd6 65. Na1 (65. Be8 $143 Bb1
66. a4 Bc2 67. Na1 Bd1 $19 {[%csl Ra1,Ra4,Rf3][%cal Gf4c1,Gc1b2,Gd1f3]}) 65...
Bb1 66. a4 Bd2 {[%csl Ra1,Ra4,Rd4][%cal Gd2c3]} 67. Nb3 Bc3 68. Be8 (68. Ke3
Bc2 {[%csl Ra4,Rb3,Gc2]}) 68... Ba2 ({Also win:} 68... Bc2 69. Nc1 Bxd4+) 69.
Nc1 Bxd4+ 70. Ke2 Bc4+ 71. Nd3 Be5 72. Kd2 d4 73. Nf2 $2 $138 (73. Ke2 $142)
73... Bf4+ 74. Ke1 (74. Kd1 $144 d3 75. Ne4+ Ke5 $19) (74. Kc2 $144 Be2 75.
Ne4+ Ke5 $19) 74... Bg3 {[%csl Re1,Rf2][%cal Gd6e5,Ge5f4,Gf4e3] Please pay
your attention to the fantastic work of the my bishops.} 0-1

[Event "Cutro 05th"]
[Site "Cutro"]
[Date "1999.04.28"]
[Round "7"]
[White "Chatalbashev, Boris"]
[Black "Romanishin, Oleg M"]
[Result "1-0"]
[WhiteElo "2524"]
[BlackElo "2572"]
[Annotator "Hecht,H"]
[PlyCount "137"]
[EventDate "1999.04.??"]
[EventType "tourn"]
[EventRounds "11"]
[EventCountry "ITA"]
[EventCategory "10"]
[SourceTitle "CBM 071"]
[Source "ChessBase"]
[SourceDate "1999.08.01"]
[SourceVersion "1"]
[SourceVersionDate "1999.08.01"]
[SourceQuality "1"]

1. d4 Nf6 2. c4 g6 3. Nc3 d5 4. Nf3 Bg7 5. Bg5 Ne4 6. cxd5 Nxg5 7. Nxg5 c6 8.
dxc6 Nxc6 9. d5 Na5 10. e3 O-O 11. Be2 e6 12. Nf3 exd5 13. O-O Nc4 14. Qb3 Be6
15. Rfd1 Rc8 16. Rac1 Qb6 17. Bxc4 Rxc4 18. Qxb6 axb6 19. Nd4 Rfc8 20. a3 Kf8
21. Kf1 Bd7 22. Ke1 b5 23. Na2 Bxd4 24. Rxc4 bxc4 25. Rxd4 {[#] zusätzliches
Studienmaterial: Guter Springer vs schlechten Läufer bei Bauernschwäche d5.
Themen: Lavieren, Bilden eines Freibauern auf der a-Linie, Übergang in D vs
T+L mittels doppeltem Figurenopfer} Be6 26. Kd2 h5 27. Kc3 Ke7 28. h4 Kd6 29.
Nb4 Kc5 30. Rd1 Rd8 31. Nc2 Kd6 32. Rd4 Ke7 33. Nb4 Rd6 34. Rd2 f6 35. Kd4 b6
36. g3 Bf7 37. Kc3 Kd7 38. Rd1 Kc7 39. Nc2 Rd8 40. Nd4 Re8 41. Ne2 Kc6 42. Nd4+
{[#]} Kc5 $2 (42... Kd6) 43. b4+ $1 {Danach dringt Weiß entweder über die
c-Linie ein oder etabliert einen Freibauern} Kd6 (43... cxb3 44. Kxb3 Kd6 45.
Rc1 Rb8 46. Rc6+ Ke7 47. Rc7+ Kf8) 44. Nb5+ Kc6 45. a4 Ra8 46. Ra1 g5 47. Nd4+
Kd6 48. Nf3 g4 49. Nd4 Be8 50. a5 Ra6 51. Nf5+ Ke5 52. Nd4 Kd6 53. Ra2 Bd7 54.
Ne2 {[#]} Ke5 55. axb6 $1 Rxa2 (55... Rxb6 56. Ra8 $16 {[%csl Rh5] Schwarz
könnte immerhin ein kleines Gegenspiel über die a-Linie inszenieren, falls der
weiße Turm diese Linie verläßt.}) 56. b7 Ra3+ 57. Kd2 Ra2+ 58. Ke1 Ra1+ 59. Nc1
$1 Rxc1+ 60. Kd2 Rb1 61. b8=Q+ Ke6 62. Qb6+ Ke7 63. Qc5+ Ke8 64. Qxd5 Rb2+ 65.
Kc3 Rxf2 66. b5 Rf5 67. Qa8+ Ke7 68. b6 Re5 69. b7 1-0

[Event "Swidnica"]
[Site "Swidnica"]
[Date "1999.03.30"]
[Round "7"]
[White "Murdzia, Piotr"]
[Black "Jaracz, Pawel"]
[Result "0-1"]
[WhiteElo "2441"]
[BlackElo "2439"]
[Annotator "Hecht,H"]
[PlyCount "148"]
[EventDate "1999.03.??"]
[EventType "tourn"]
[EventRounds "9"]
[EventCountry "POL"]
[EventCategory "10"]
[SourceTitle "CBM 071"]
[Source "ChessBase"]
[SourceDate "1999.08.01"]
[SourceVersion "1"]
[SourceVersionDate "1999.08.01"]
[SourceQuality "1"]

1. d4 g6 2. c4 Nf6 3. Nc3 d5 4. Nf3 Bg7 5. Bg5 dxc4 6. e4 c5 7. dxc5 Qa5 8.
Bxf6 Bxf6 9. e5 Bg7 10. Bxc4 Nc6 11. O-O Qxc5 12. Qe2 Nxe5 13. Nxe5 Qxe5 14.
Bb5+ Kf8 15. Rad1 Bf6 16. Qf3 Kg7 17. Nd5 Be6 18. Rfe1 Bxd5 19. Qxd5 Qxb2 20.
Rb1 Rhd8 21. Bd7 Qc3 22. Rec1 Qd4 23. Qxd4 Bxd4 24. Rxb7 Rab8 25. Rcb1 Bb6 26.
Rxb8 Rxb8 {[#] Verwertung eines Mehrbauern: Lavieren, Raumgewinn durch
Vorrücken der Mehrheit, Schaffung einer angreifbaren Bauernschwäche (hier g2).}
27. Kf1 Rd8 28. Rd1 f5 29. Ke2 Kf6 30. Ba4 Rc8 31. Bb3 g5 32. h3 h5 33. Rd2 Rc5
34. Rd5 Rc6 35. Rd2 Ba5 36. Rd7 Bc7 37. Rd2 Bd6 38. Rc2 Rb6 39. Rc8 Rb4 40. Rc3
h4 41. Rf3 a5 42. Bc2 Rb2 43. Kd1 e6 44. Kc1 Rb4 45. Rb3 Rc4 46. Kd1 g4 47. Rb6
Rd4+ 48. Ke2 g3 49. f3 Kg5 50. Bd3 Kf6 51. Rb5 Ra4 52. Rb2 Be5 53. Rc2 Rb4 54.
Bc4 a4 55. Kd3 Bf4 56. Re2 e5 57. Rc2 Rb1 58. Bd5 Rd1+ 59. Kc4 Be3 60. Bc6 Rd4+
61. Kc3 a3 62. Bb5 Rd1 63. Kb3 Rb1+ 64. Kc4 Bf2 65. Be8 Rg1 66. Kd5 Rd1+ 67.
Kc4 Kg5 68. Kb3 Rg1 69. Bc6 Kf6 70. Bb5 Rxg2 71. f4 e4 72. Rc6+ Ke7 73. Kc4 Rg1
74. Kd5 Rd1+ 0-1

[Event "Hessen-ch"]
[Site "Bruchkoebel"]
[Date "2002.03.29"]
[Round "10"]
[White "Alber, Horst"]
[Black "Schnitzspan, Lothar"]
[Result "1-0"]
[WhiteElo "2309"]
[BlackElo "2341"]
[Annotator "Hoehne,V/Loukas,T"]
[PlyCount "89"]
[EventDate "2002.03.22"]
[EventType "tourn"]
[EventRounds "11"]
[EventCountry "GER"]
[EventCategory "1"]
[SourceTitle "EXT 2003"]
[Source "ChessBase"]
[SourceDate "2002.11.25"]
[SourceVersion "1"]
[SourceVersionDate "2002.11.25"]
[SourceQuality "1"]

1. d4 Nf6 2. c4 g6 3. Nc3 d5 4. Bg5 Ne4 5. Bh4 Nxc3 6. bxc3 c5 7. e3 Bg7 8. Nf3
Qa5 9. Qd2 dxc4 10. Bxc4 Nc6 11. O-O (11. Rb1 cxd4 12. cxd4 Qxd2+ (12... O-O
13. Qxa5 Nxa5 14. Bd5 e6 15. Be4 f5 16. Bd3 b6 17. Be7 Re8 18. Bb4 Nc6 19. Bb5
Bb7 20. O-O a6 21. Be2 Nxb4 22. Rxb4 b5 23. a4 Bf8 24. Rb2 b4 25. a5 Bd5 26.
Ne5 b3 27. Bc4 Reb8 28. Bxd5 exd5 29. Rfb1 Rb5 30. Nc6 Bb4 31. Rxb3 {1-0
Schleifer,M-McTavish,D/Toronto 1992/EXT 98 (31).}) 13. Nxd2 Na5 14. Bd5 Bd7 15.
O-O Rc8 16. Bxb7 Rc2 17. Be4 Rxd2 18. Rb8+ Bc8 19. Rxc8+ Kd7 20. Rc5 Rxa2 21.
Rfc1 f6 22. Rc7+ {1-0 Schleifer,M-Elieff,K/CAN 1992/EXT 99 (22).}) 11... cxd4
12. cxd4 Qxd2 13. Nxd2 $32 e5 (13... e6 $2 14. Ne4 $16 {Alber}) 14. dxe5 Nxe5
15. Bd5 O-O 16. Rac1 Be6 $6 17. Bxe6 fxe6 18. Ne4 b5 19. Rc7 h6 20. Re7 Rac8
21. Rxa7 Rc4 22. f3 Nc6 23. Rb7 g5 24. Bg3 b4 25. h4 gxh4 26. Bxh4 Rc2 27. Rd1
Rf7 28. Rxf7 Kxf7 29. Rd7+ Kg6 30. Rd2 Rc1+ 31. Kf2 Kh5 $2 (31... Ne5 $142 {
Alber}) 32. Bf6 $16 Bxf6 33. Nxf6+ Kg6 34. Ne4 Ne5 35. Rd4 Rc2+ 36. Rd2 Rc1 37.
Nd6 Rb1 38. Kg3 Nf7 39. Nc4 Rc1 40. Na5 Rc3 41. Rb2 Rxe3 42. Nc4 Re1 $2 (42...
Rd3 $142 {Alber}) 43. Rxb4 $18 Ne5 44. Nxe5+ Rxe5 45. Re4 1-0

[Event "ESP-chT"]
[Site "Ponferrada"]
[Date "1997.??.??"]
[Round "3"]
[White "Franco Ocampos, Zenon"]
[Black "Illescas Cordoba, Miguel"]
[Result "0-1"]
[WhiteElo "2480"]
[BlackElo "2585"]
[Annotator "Illescas Cordoba,M"]
[PlyCount "50"]
[EventDate "1997.08.29"]
[EventType "team"]
[EventRounds "9"]
[EventCountry "ESP"]
[SourceTitle "CBM 061"]
[Source "ChessBase"]
[SourceDate "1997.11.23"]
[SourceVersion "1"]
[SourceVersionDate "1997.11.23"]
[SourceQuality "1"]

1. d4 Nf6 2. Nf3 g6 3. c4 Bg7 4. Nc3 d5 5. Bg5 Ne4 6. cxd5 Nxg5 7. Nxg5 e6 8.
Nf3 exd5 9. e3 O-O 10. b4 c6 11. Rc1 {[%cal Yb4b5]} a6 $5 $146 12. Be2 Qe7 13.
Qb3 (13. a3) 13... Be6 $5 {[%cal Ye6b3]} (13... Bg4 $11) 14. O-O Nd7 15. a4 (
15. Na4 Rae8 16. Nc5 Nxc5 17. bxc5 Bc8 $15 {[%cal Yf7f5]}) 15... Rfe8 16. Ne1
$2 {[%cal Ye1c5]} (16. Rfd1 $11) 16... Nb6 17. Nd3 (17. a5 Nc8 $17 {[%cal
Yc8d6]}) 17... Nc4 $17 {[%cal Rc4d2]} 18. Rfe1 {[%csl Re3] ><e3} (18. Rfd1 Bf5
19. Bf1 Nxe3 20. fxe3 Qxe3+ 21. Nf2 Bxd4 22. Qb2) 18... Bf5 {[%cal Rc4e3]} 19.
Nb2 (19. Nf4 Nxe3 20. Bd3 Bxd4 21. Bxf5 Qg5 $1 22. Bd7 Qxf4 23. Bxe8 Ng4 {
[%csl Rf2,Rh2]} 24. Bxf7+ Kg7 $19) (19. Nd1 $142 Bf8 $17 {[%cal Yf5d3,Ye7b4]})
(19. Bf1 Nd2 20. Qc2 Nxf1 21. Rxf1 Bxd3 22. Qxd3 Qxb4 23. Rb1 Qe7 24. Rb6 a5 $1
25. Rfb1 Ra7 26. Ne2 Qc7 27. Qb3 Rb8 $1 28. Nf4 (28. Rc1 Rd8 29. Rb1 Rd7 30.
Nc1 Bf8 31. Nd3 Bb4) 28... Bf8 29. Rc1 Bb4 30. Nxd5 Qd8 31. Rxb4 axb4 32. Nxb4
Qb6 $19) (19. Kh1 Qh4 $36) 19... Nxe3 $1 20. Bd3 (20. Bf1 Bxd4 (20... Qg5 $5
21. fxe3 Rxe3 22. Red1 Qf4 $17) 21. Kh1 (21. Ncd1 Nxd1 $3 22. Rxe7 Nxf2 23.
Rxe8+ Rxe8 24. Ra1 Nd3+ 25. Kh1 Bxb2 26. Rb1 Nf2+ 27. Kg1 Bd4 $19) 21... Qf6
22. fxe3 Bxe3 23. Rcd1 Bg4 $17) (20. Bf3 Qg5 21. fxe3 Rxe3 $17) (20. fxe3 Qxe3+
21. Kh1 Bxd4 22. a5 Be5 23. Bf1 Qh6 24. h3 Qf4 25. Rxe5 Rxe5 $19) 20... Qg5 $1
21. fxe3 Rxe3 22. Bxf5 (22. Qc2 Bxd4 23. Kh1 Rae8 24. Rf1 Qh4 25. Qd2 Be5 26.
g3 Bxc3 27. Rxc3 (27. Qxc3 Be4+) 27... Be4+ 28. Bxe4 Qxe4+ 29. Kg1 Re2 $19)
22... Bxd4 23. Kh1 $8 Rae8 $1 {[%csl Rb2,Rc3]} 24. Rf1 (24. Rxe3 $142 Qxe3 (
24... Rxe3 25. Bd3 Rh3 26. gxh3 Qxc1+ 27. Nbd1 Bxc3 28. Qxc3 Qxd1+ 29. Kg2 Qxa4
$17) 25. Qd1 $8 Bxc3 26. Nd3 Bd2 27. Rc2 Bxb4 28. Rc1 Ba3 29. Ra1 Bd6 $17 {
[%csl Rh2]}) 24... gxf5 $19 25. g3 (25. a5 R8e6 26. Nba4 Rh6 $19 {[%csl Rh1]})
25... Qg4 {[%csl Rb2,Rc3,Rh1][%cal Ye3g3]} (25... Qg4 26. Rf4 Qh3) 0-1